[Event "FRA-ch U20"]
[Site "Saint Paul Trois Chateaux"]
[Date "2013.05.01"]
[Round "5"]
[White "Nicolazo, Maxime"]
[Black "Cayla, Jonathan"]
[Result "0-1"]
[WhiteElo "1861"]
[BlackElo "2046"]
[PlyCount "64"]
[EventDate "2013.04.28"]
[EventType "swiss"]
[EventRounds "9"]
[EventCountry "FRA"]
[SourceTitle "CBM 154 Extra"]
[Source "ChessBase"]
[SourceDate "2013.06.25"]
[SourceVersion "2"]
[SourceVersionDate "2013.06.25"]
[SourceQuality "1"]

1. c4 c6 2. d4 d5 3. Nc3 Nf6 4. Nf3 dxc4 5. a4 Bf5 6. e3 e6 7. Bxc4 Bb4 8. Bd2 Nbd7 9. 0-0 0-0 10. h3 Qa5 11. Nh4 Ne4 12. Nxf5 Nxd2 13. Nh6+ gxh6 14. Qxd2 Kh8 15. e4 Qg5 16. Qxg5 hxg5 17. f4 gxf4 18. Rxf4 e5 19. Rxf7 Rxf7 20. Bxf7 exd4 21. Na2 a5 22. Rd1 Ne5 23. Bb3 d3 24. Nc1 Rd8 25. Bc2 d2 26. Na2 Nc4 27. Nxb4 axb4 28. Kf2 Nxb2 29. Rb1 d1Q 30. Bxd1 Nxd1+ 31. Ke1 c5 32. e5 Nc3 0-1

[Event "FRA-ch U20"]
[Site "Saint Paul Trois Chateaux"]
[Date "2013.04.29"]
[Round "3"]
[White "Nicolazo, Maxime"]
[Black "Duboue, Peio"]
[Result "0-1"]
[WhiteElo "1861"]
[BlackElo "2257"]
[PlyCount "42"]
[EventDate "2013.04.28"]
[EventType "swiss"]
[EventRounds "9"]
[EventCountry "FRA"]
[SourceTitle "CBM 154 Extra"]
[Source "ChessBase"]
[SourceDate "2013.06.25"]
[SourceVersion "2"]
[SourceVersionDate "2013.06.25"]
[SourceQuality "1"]

1. c4 e5 2. Nc3 Nf6 3. g3 d5 4. Bg2 d4 5. Ne4 Nxe4 6. Bxe4 Bd6 7. d3 0-0 8. e3 dxe3 9. Bxe3 c6 10. Ne2 f5 11. Bg2 f4 12. gxf4 exf4 13. Bd4 f3 14. Rg1 Bb4+ 15. Bc3 Bxc3+ 16. Nxc3 fxg2 17. Rxg2 Bf5 18. Rg3 Re8+ 19. Kd2 Nd7 20. Qf3 Bg6 21. Rag1 Ne5 0-1

[Event "FRA-ch U20"]
[Site "Saint Paul Trois Chateaux"]
[Date "2013.04.28"]
[Round "1"]
[White "Nicolazo, Maxime"]
[Black "Mouhamad, Joachin"]
[Result "0-1"]
[WhiteElo "1861"]
[BlackElo "2220"]
[PlyCount "28"]
[EventDate "2013.04.28"]
[EventType "swiss"]
[EventRounds "9"]
[EventCountry "FRA"]
[SourceTitle "CBM 154 Extra"]
[Source "ChessBase"]
[SourceDate "2013.06.25"]
[SourceVersion "2"]
[SourceVersionDate "2013.06.25"]
[SourceQuality "1"]

1. d4 Nf6 2. Nf3 e6 3. c4 c5 4. Nc3 cxd4 5. Nxd4 Nc6 6. e3 d5 7. cxd5 exd5 8. Bb5 Bd7 9. 0-0 Bd6 10. Qf3 Bg4 11. Nxc6 bxc6 12. Bxc6+ Kf8 13. Bxa8 Bxf3 14. gxf3 Qxa8 0-1